1017 1448 1850 1323 1742 1580 1120 1960 1868 1578 1774 1508 1297 1324 1100 1499 1599 1376 1524 1875 1424 1778 1290 1675 1936 1109 1454 1902 1640 1925 1289 1858 1371 1336 1933 1161 1665 1901 1676 1112 1830 1320 1840 1035 1447 1219 1385 1625 1311 1652 1170 1601 1753 1790 1077 1039 1124 1191 1581 1443 1187 1765 1739 1329 1350 1293 1795 1356 1395 1975 1048 1379 1373 1137 1798 1984 1241 1557 1138 1029 1867 1008 1216 1207 1511 1083 1196 1733 1033 1525 1450 1816 1256 1672 1258 1883 1024 1787 1256 BCNSPRNW ULIB Ver.6.0+V

เปลี่ยนเป็นภาษาไทย

Change to English
 แสดงรายละเอียดบรรณานุกรม
  กลับหน้าหลัก

Brief Record : Get Marc (ISO 2709) : E-mail record : QR code < ปิดหน้าต่าง
LEADER : 00000nam 2200000uu 4500
001    13399125579
003     ULIB
008    170701s2559||||th 000 0 tha d
020    ^a9786161812331
060  4  ^aWO500^bบ969
245  0  ^aไบเบิลศัลยกรรมเกาหลี /^cThe Grand Plastic Surgery, เขียน ; อภิศรี, แปล.
250    ^aพิมพ์ครั้งที่ 1.
260    ^aกรุงเทพฯ :^bอมรินทร์เฮลท์,^c2559.
300    ^a185 หน้า :^bภาพประกอบ ;^c22 ซม.
490    ^aชุดความงาม ;^vลำดับที่ 47
650    ^aสตรี^xความงาม.
650    ^aสุขภาพกับความงาม.
650    ^aศัลยกรรมตกแต่ง.
700  0  ^aอภิศรี,^eผู้แปล.
945    ^p365^l0^i25237
999    ^aทศพร เกษรทอง
รายการนี้ยังไม่มีแท็ก
คุณยังไม่ได้ล็อกอิน คุณสามารถมีกิจกรรมร่วมกับเว็บไซต์ได้ แต่ต้องล็อกอินก่อน ::
  ล็อกอิน

รายการสื่อสารสนเทศ

ลำดับที่ ประเภท เลขเรียก/บาร์โค้ด สถานที่ สถานะ
1. วิทยาศาสตร์การแพทย์ และสุขภาพ
หนังสือสำรอง
สถานะ=หนังสือสำรอง
WO500 บ969 ฉ.1 
  Barcode: 25237
ห้องสมุดวิทยาเขตนครสวรรค์
►หนังสือทั่วไป:l:General Books
บนชั้น

รายการใกล้เคียง
    หัวเรื่อง [สุขภาพกับความงาม.]
    หัวเรื่อง [ศัลยกรรมตกแต่ง.]

BibComment


ยังไม่เคยถูกคอมเมนท์

คอมเมนท์ทรัพยากรรายการนี้
  คอมเมนท์: ไบเบิลศัลยกรรมเ..


 Copyright 2026. Bcnsprnw @Library